Responses for Show #6059 - Thursday, January 6, 2011

Contestants

[<< previous game]

Maureen Abell, a family law and immigration lawyer from New York, New York

Dan Jensen, a restaurant manager from Reston, Virginia

Steve Gratz, a freelance artist from Washington, D.C. (whose 2-day cash winnings total $30,999)

[next game >>]

Jeopardy! Round responses

FRANCE, FRANCE REVOLUTION
"V" SHALL SEE
DO YOU KNOW THE WAY TO SAN JOSE?
SAY UNCLE
STATE QUARTERS
NICK NAMES
    $200 30
the Bastille

Dan
    $200 1
the Venus Flytrap

Steve
    $200 21
Sacramento

Maureen
    $200 6
Uncle Sam

Dan
    $200 12
Washington

Steve
    $200 11
Gromit

Dan
    $400 25
the American Revolution

Dan
    $400 2
the Victoria Falls

Maureen
    $400 29
(Steve: What is Costa Rica?)

the Philippines

SteveDan
    $400 7
Uncle Fester

Maureen
    $400 17
Virginia

Maureen
    $400 13
(Dan: Who is Robert Downey, Jr.?)

Nick Nolte

Dan
Triple Stumper
    $600 26
(Steve: What is the flag?)

calendar

Steve
Triple Stumper
    $600 3
a vertex

Dan
    $600 24
the Mayans

Maureen
    $600 8
Uncle Remus

Dan
    $600 20
Alaska

Dan
    $600 14
Nick Cannon

Dan
    $1,500 27
the Reign of Terror

Dan
    $800 4
Pancho Villa

Dan
    $800 23
British Columbia

Dan
    $800 9
Uncle Buck

Maureen
    $800 19
Indiana

Dan
    $800 15
"Peace, Love, And Understanding"

Steve
    $1000 28
Napoleon Bonaparte

Maureen
    $1000 5
a viaduct

Dan
    $1000 22
a barrier island

Steve
    $1000 10
Uncle Vanya

Maureen
    $1000 18
Louisiana

Steve
    $1000 16
High Fidelity

Dan

Scores at the first commercial break (after clue 15):

Steve Dan Maureen
$1,200 $3,600 $2,600

Scores at the end of the Jeopardy! Round:

Steve Dan Maureen
$2,200 $9,300 $4,800

Double Jeopardy! Round responses

PHYSICS
NO. 1 WITH A BULLET
ART "T"
LANGUAGE OF ORIGIN
SEASONAL QUOTES
NICKNAMES
    $400 11
light

Steve
    $400 20
"Bad, Bad Leroy Brown"

Steve
    $400 1
terracotta

Steve
    $400 6
Hebrew

Maureen
    $400 15
winter

Maureen
    $400 30
Princess Diana

Maureen
    $800 12
mercury

Steve
    $800 22
"Georgia"

Dan
    $800 2
a triptych

Dan
    $800 7
Hungarian

Steve
    $800 19
Ulysses Grant

Triple Stumper
    $800 26
Houdini

Dan
    $2,000 13
(Steve: I do not know.)

aerodynamics

Steve
    $1200 27
"Another One Bites The Dust"

Triple Stumper
    $1200 3
The Temptation

Steve
    $1200 8
(Maureen: What is Persian?)

Arabic

Maureen
Triple Stumper
    $1200 16
the Queen of Hearts

Maureen
    $1200 23
(Steve: Who is Longfellow?)

Thoreau

Steve
Triple Stumper
    $1600 14
steam engines

Dan
    $1600 28
"Chicago"

Steve
    $1600 4
trompe l'oeil

Steve
    $1600 9
Chinese

Steve
    $2,500 17
April

Maureen
    $1600 24
(Steve: Who is Davy Crockett?)

John C. Fremont

Steve
Triple Stumper
    $2000 21
a helix

Steve
    $2000 29
"Destruction"

Maureen
    $2000 5
Turner

Steve
    $2000 10
(Dan: What is Spanish?)
(Maureen: What is Portuguese?)

Basque

SteveDanMaureen
    $2000 18
"The Autumn Leaves"

Maureen
    $2000 25
(Steve: Who is Marconi?)
...
(Alex: Five clues left on the board, and we have a minute.)

Enrico Fermi

Steve
Triple Stumper

Scores at the end of the Double Jeopardy! Round:

Steve Dan Maureen
$10,200 $11,300 $10,500

[wagering suggestions for these scores]

Final Jeopardy! Round responses

WORLDWIDE MEDIA
SteveWhat is Al Jazeera?
$1,101
MaureenWhat is al Jazeera?
$10,000
DanWhat is Al-Jazeera?
$9,701
Al Jazeera

Final scores:

Steve Dan Maureen
$11,301 $21,001 $20,500
3rd place: $1,000 New champion: $21,001 2nd place: $2,000

Game dynamics:

Coryat scores:

Steve Dan Maureen
$12,200 $10,600 $9,600
17 R,
6 W
(including 1 DD)
19 R
(including 1 DD),
2 W
15 R
(including 1 DD),
2 W

Combined Coryat: $32,400

[game clues] [game scores] [suggest correction]

Game tape date: 2010-09-28
The J! Archive is created by fans, for fans. Scraping, republication, monetization, and malicious use prohibited; this site may use cookies and collect identifying information. See terms. The Jeopardy! game show and all elements thereof, including but not limited to copyright and trademark thereto, are the property of Jeopardy Productions, Inc. and are protected under law. This website is not affiliated with, sponsored by, or operated by Jeopardy Productions, Inc. Join the discussion at JBoard.tv.